000 00353pab a2200157 454500
008 180718b2002 xxu||||| |||| 00| 0 eng d
100 _aChakravarti, Mahadev
245 _aTribe or indigenous?
260 _c2002
300 _ap.1-6.
362 _aJan-Mar
650 _aTribes
650 _aIndigenous populations
773 _aTUI
909 _a55244
999 _c55244
_d55244